书目信息 |
| 题名: |
办公室900句典
|
|
| 作者: | 戈登 著 | |
| 分册: | ||
| 出版信息: | 上海 上海外语教育出版社 2008.10 |
|
| 页数: | 157页 | |
| 开本: | 17cm | |
| 丛书名: | 英语900句典丛书 | |
| 单 册: | ||
| 中图分类: | H319.9 | |
| 科图分类: | ||
| 主题词: | 英语--口语 | |
| 电子资源: | ||
| ISBN: | 978-7-5446-0850-3 | |
| 000 | 00819nam0 2200253 450 | |
| 001 | 012010610685 | |
| 005 | 20100528115719.01 | |
| 009 | 004177672 | |
| 010 | @a978-7-5446-0850-3@dCNY33.00 (含光盘) | |
| 016 | @aCN-Z09-09-0048-0@b光盘 | |
| 100 | @a20100515d2008 em y0chiy0110 ea | |
| 101 | 0 | @achi@aeng |
| 102 | @aCN@b310000 | |
| 105 | @ay z 000yy | |
| 200 | 1 | @a办公室900句典@Aban gong shi 900 ju dian@fJeffrey Gordon著@FJeffrey Gordon zhu |
| 210 | @a上海@c上海外语教育出版社@d2008.10 | |
| 215 | @a157页@d17cm@e光盘1片 | |
| 225 | 1 | @a英语900句典丛书 |
| 330 | @a本书内容包括:工作本身、你的上司、你的部属、你的同事、公司制度、办公室环境与办公物品、附录。 | |
| 606 | 0 | @a英语@x口语 |
| 690 | @aH319.9@v4 | |
| 701 | 1 | @a戈登@Age deng@g(Gordon, Jeffrey)@4著 |
| 801 | 0 | @aCN@c20100515 |
| 905 | @dH319.9@eG230@f3 | |
| 办公室900句典/Jeffrey Gordon著.-上海:上海外语教育出版社,2008.10 |
| 157页;17cm+光盘1片.-(英语900句典丛书) |
| ISBN 978-7-5446-0850-3:CNY33.00 (含光盘) |
| 本书内容包括:工作本身、你的上司、你的部属、你的同事、公司制度、办公室环境与办公物品、附录。 |
| ● |
| 相关链接 |
|
|
|
正题名:办公室900句典
索取号:H319.9/G230
 
预约/预借
| 序号 | 登录号 | 条形码 | 馆藏地/架位号 | 状态 | 备注 |
| 1 | 984404 | 209844043 | 语言库209/209语言库 59排1列1层/ [索取号:H319.9/G230] | 在馆 | |
| 2 | 984405 | 209844052 | 语言库209/209语言库 59排1列1层/ [索取号:H319.9/G230] | 在馆 | |
| 3 | 984406 | 209844061 | 语言库209/209语言库 59排1列1层/ [索取号:H319.9/G230] | 在馆 |